[Event "World Youth Open U18 2016"]
[Site "Khanty-Mansiysk RUS"]
[Date "2016.09.22"]
[Round "1.24"]
[White "Rajkovic, Mladen"]
[Black "Bellahcene, Bilel"]
[Result "0-1"]
[BlackTitle "IM"]
[WhiteElo "2275"]
[BlackElo "2483"]
[WhiteFideId "930660"]
[BlackFideId "696358"]
[EventDate "2016.09.22"]

1. e4 c5 2. Nf3 d6 3. Bb5+ Nd7 4. O-O Nf6 5. Re1 a6 6. Bd3 b5 7. c3 Bb7 8. Bc2
Qc7 9. a4 Rb8 10. axb5 axb5 11. d4 e5 12. b4 c4 13. d5 g6 14. Ra5 Ra8 15. Rxb5
Be7 16. Na3 O-O 17. Qd2 Rfc8 18. Bb2 Bd8 19. Ra1 Qb8 20. Qe2 Bb6 21. Nxc4 Rxa1+
22. Bxa1 Ba6 23. Nxb6 Bxb5 24. Qxb5 Nxb6 25. Nd2 Qa7 26. Qf1 Qa3 27. Qb1 Na4 28.
Bxa4 Qxa4 29. h3 Nd7 30. c4 Qa3 31. c5 dxc5 32. bxc5 Rxc5 33. Bb2 Qb4 34. Nf3
Rb5 35. Qc1 Qxb2 36. Qc8+ Nf8 37. d6 Qb3 38. Kh2 Qe6 39. Qc6 Qd7 40. Qc4 Ne6 0-1

[Event "World Youth Open U18 2016"]
[Site "Khanty-Mansiysk RUS"]
[Date "2016.09.22"]
[Round "1.5"]
[White "Lorparizangeneh, Shahin"]
[Black "Kalogeris, Ioannis"]
[Result "1-0"]
[WhiteTitle "IM"]
[WhiteElo "2478"]
[BlackElo "2271"]
[WhiteFideId "12521604"]
[BlackFideId "4239563"]
[EventDate "2016.09.22"]

1. g3 d5 2. Nf3 Nf6 3. Bg2 c6 4. c4 Bf5 5. cxd5 cxd5 6. Qb3 Qb6 7. Qxb6 axb6 8.
Nc3 Nc6 9. Nb5 Ra5 10. Nbd4 Be4 11. Nb3 Ra4 12. d3 Bxf3 13. Bxf3 e6 14. a3 Bd6
15. e3 b5 16. d4 b4 17. Be2 bxa3 18. bxa3 Ke7 19. Bb5 Ra7 20. f3 Rha8 21. a4 Nb4
22. Rb1 b6 23. Ke2 Rc7 24. Bd2 Na2 25. Rb2 Nc3+ 26. Bxc3 Rxc3 27. Rc1 Rac8 28.
Rxc3 Rxc3 29. Nd2 h5 30. e4 e5 31. Bd3 dxe4 32. fxe4 exd4 33. Rxb6 Ng4 34. Nc4
Bc7 35. Rb7 Kd8 36. a5 Kc8 37. Rb1 Ne5 38. Nxe5 Bxe5 39. a6 Bb8 40. Rb7 Rc7 41.
Rb4 Ba7 42. Rc4 f6 1-0

[Event "World Youth Open U18 2016"]
[Site "Khanty-Mansiysk RUS"]
[Date "2016.09.22"]
[Round "1.6"]
[White "Krishna Teja, N"]
[Black "Sanal, Vahap"]
[Result "0-1"]
[WhiteTitle "IM"]
[BlackTitle "IM"]
[WhiteElo "2268"]
[BlackElo "2477"]
[WhiteFideId "5001498"]
[BlackFideId "6300545"]
[EventDate "2016.09.22"]

1. d4 Nf6 2. Nf3 e6 3. c4 b6 4. g3 Bb7 5. Bg2 Be7 6. O-O O-O 7. Nc3 Ne4 8. Nxe4
Bxe4 9. Ne1 Bxg2 10. Nxg2 d6 11. e4 Nd7 12. Be3 c5 13. Qe2 Qc7 14. Rac1 Qb7 15.
f3 Qa6 16. b3 d5 17. exd5 exd5 18. Nf4 dxc4 19. Qxc4 b5 20. Qd5 Nf6 21. Qf5 Qxa2
22. dxc5 Qxb3 23. Rfe1 Rfe8 24. Bd4 Qxf3 25. Rxe7 Rxe7 26. c6 Rae8 27. Qb1 Nd5
28. Rf1 Qe4 29. Qxe4 Rxe4 30. Nxd5 Rxd4 31. Nc7 Rc8 32. Nxb5 Rd5 33. Nxa7 Rc7
34. Rb1 Rd8 35. Rb7 Rxb7 36. cxb7 Rb8 0-1

[Event "World Youth Open U18 2016"]
[Site "Khanty-Mansiysk RUS"]
[Date "2016.09.22"]
[Round "1.7"]
[White "Jarmula, Lukasz"]
[Black "Patrascu, Catalin-Lucian"]
[Result "1-0"]
[WhiteTitle "IM"]
[BlackTitle "FM"]
[WhiteElo "2466"]
[BlackElo "2263"]
[WhiteFideId "1160664"]
[BlackFideId "1229052"]
[EventDate "2016.09.22"]

1. e4 e5 2. Nf3 Nc6 3. Bc4 Bc5 4. c3 Nf6 5. d3 a6 6. Bb3 Ba7 7. h3 d6 8. Nbd2
O-O 9. Nf1 Ne7 10. Ng3 Ng6 11. O-O h6 12. d4 Re8 13. Re1 Be6 14. Be3 Qc8 15.
Bxe6 Qxe6 16. d5 Qd7 17. c4 Bxe3 18. fxe3 c6 19. Rf1 Rac8 20. Nh2 Nh7 21. Qh5
cxd5 22. Ng4 dxe4 23. Nf5 Qe6 24. Rf2 Rc7 25. Raf1 Kh8 26. Nxg7 Kxg7 27. Qxh6+
Kg8 28. Rf6 Qc8 29. R6f5 Qe6 30. Rh5 Ngf8 31. Nf6+ Qxf6 32. Rxf6 Rxc4 33. Rh4
Rc1+ 34. Kh2 Rc2 35. Rxd6 Kh8 36. Qg5 Rc5 37. Rd8 1-0

[Event "World Youth Open U18 2016"]
[Site "Khanty-Mansiysk RUS"]
[Date "2016.09.22"]
[Round "1.8"]
[White "Barp, Alberto"]
[Black "Rakotomaharo, Fy Antenaina"]
[Result "1/2-1/2"]
[WhiteTitle "FM"]
[BlackTitle "FM"]
[WhiteElo "2244"]
[BlackElo "2439"]
[WhiteFideId "872555"]
[BlackFideId "13100050"]
[EventDate "2016.09.22"]

1. d4 g6 2. c4 Bg7 3. e4 c5 4. d5 d6 5. Nc3 e5 6. g3 Ne7 7. Bg2 Nd7 8. Nf3 O-O
9. O-O h6 10. Ne1 a6 11. Nd3 b5 12. cxb5 axb5 13. b4 cxb4 14. Nxb4 Nc5 15. Rb1
Bd7 16. Be3 Qa5 17. Qd2 Kh7 18. Rfc1 Rfc8 19. Bf1 Rab8 20. f3 f5 21. Nd3 Na6 22.
Nd1 Qxd2 23. Bxd2 h5 24. Bg5 Ng8 25. Rxc8 Rxc8 26. Rc1 Ra8 27. Rb1 Rc8 28. Rc1
Ra8 29. Rb1 Bf6 30. Be3 Rc8 1/2-1/2

[Event "World Youth Open U18 2016"]
[Site "Khanty-Mansiysk RUS"]
[Date "2016.09.22"]
[Round "1.9"]
[White "Dragnev, Valentin"]
[Black "Krykun, Yuriy"]
[Result "1-0"]
[WhiteTitle "IM"]
[BlackTitle "FM"]
[WhiteElo "2430"]
[BlackElo "2242"]
[WhiteFideId "1634852"]
[BlackFideId "14140667"]
[EventDate "2016.09.22"]

1. Nf3 Nf6 2. c4 c5 3. g3 g6 4. Bg2 Bg7 5. O-O O-O 6. Nc3 d5 7. cxd5 Nxd5 8.
Nxd5 Qxd5 9. d3 Nc6 10. Be3 Bxb2 11. Rb1 Bf6 12. Qa4 Nb4 13. Nd2 Bd7 14. Bxd5
Bxa4 15. Bxb7 Rab8 16. Bxc5 Rxb7 17. Rxb4 Rxb4 18. Bxb4 Rc8 19. Nc4 Bb5 20. Rc1
a5 21. Bxa5 Ra8 22. Bc3 Bxc3 23. Rxc3 Rxa2 24. Kf1 Bc6 25. f3 Bd5 26. Kf2 f6 27.
g4 g5 28. Ne3 Be6 29. d4 Rd2 30. Rc7 Rxd4 31. Rxe7 Rd6 32. Nf5 Bxf5 33. gxf5 Rd5
34. e4 Rd3 35. Ra7 h5 36. Ra1 Kf7 37. h4 gxh4 38. Rh1 Kg7 39. Rg1+ Kh7 40. Rh1
Kg7 41. Rxh4 Kh6 42. f4 Ra3 43. Rh1 Rb3 44. Rh4 Ra3 45. Rh1 Rb3 46. Rg1 h4 47.
Rg8 h3 48. e5 Rb2+ 49. Kf3 h2 50. Rh8+ Kg7 51. Rh5 Kf7 52. Kg3 fxe5 53. fxe5 Re2
54. e6+ Kf6 55. Kf4 Re5 56. Rh6+ Kg7 57. Rxh2 Re1 58. Rg2+ Kf6 59. Rg6+ Ke7 60.
Rg7+ Kf8 61. Rf7+ Ke8 62. Kg5 1-0

[Event "World Youth Open U18 2016"]
[Site "Khanty-Mansiysk RUS"]
[Date "2016.09.22"]
[Round "1.10"]
[White "Sadubayev, Airat"]
[Black "Hakobyan, Aram"]
[Result "0-1"]
[BlackTitle "FM"]
[WhiteElo "2231"]
[BlackElo "2417"]
[WhiteFideId "13713264"]
[BlackFideId "13306677"]
[EventDate "2016.09.22"]

1. e4 e5 2. Nf3 Nc6 3. Bb5 Nf6 4. d3 d6 5. c3 g6 6. O-O Bg7 7. Nbd2 O-O 8. Re1
Bd7 9. Nf1 Qe8 10. Ba4 Nh5 11. Ng3 Nxg3 12. hxg3 Kh8 13. Bc2 Bg4 14. Qd2 Qd7 15.
Qg5 Rfe8 16. Qh4 Bxf3 17. gxf3 f5 18. Qh3 Re7 19. Bd2 f4 20. Qxd7 Rxd7 21. Kg2
Bh6 22. Rh1 Bg5 23. Ba4 Rf7 24. Bxc6 bxc6 25. b3 Kg7 26. c4 h6 27. Rhf1 h5 28.
Rad1 Bh6 29. Bc1 c5 30. Bd2 Bg5 31. Bc1 Rh8 32. Rh1 Kh6 33. Rdf1 Rhf8 34. Bd2 c6
35. Bc1 a6 36. Bd2 Kg7 37. Bc1 Kf6 38. Bd2 Ke6 39. Bc1 Be7 40. Bd2 Bd8 41. Bc3
Bc7 42. g4 Rh8 43. gxh5 gxh5 44. Kh3 a5 45. Rhg1 Kf6 46. Rg2 a4 47. Rfg1 axb3
48. axb3 Rb8 49. Rg6+ Ke7 50. Rb1 Kd7 51. Rgg1 Bd8 52. Rg6 Rb7 53. Rg8 Bf6 54.
Rg6 Rf8 55. Rh6 Be7 56. Rxh5 Rfb8 57. b4 cxb4 58. Bb2 c5 59. Ra1 Ke6 60. Kg2 Bf6
61. Kf1 Rg8 62. Ke2 Rbg7 63. Rhh1 Rg2 64. Ra6 Rg1 65. Rxg1 Rxg1 66. Ra1 Rxa1 67.
Bxa1 Kd7 68. Kd1 Bh4 69. Kc2 Bxf2 70. Bb2 Ke7 71. Bc1 Be3 72. Bb2 Kf6 0-1

[Event "World Youth Open U18 2016"]
[Site "Khanty-Mansiysk RUS"]
[Date "2016.09.22"]
[Round "1.11"]
[White "Vogel, Roven"]
[Black "Khusenkhojaev, Mustafokhuja"]
[Result "1-0"]
[WhiteTitle "IM"]
[WhiteElo "2415"]
[BlackElo "2212"]
[WhiteFideId "12908088"]
[BlackFideId "14700727"]
[EventDate "2016.09.22"]

1. Nf3 Nf6 2. c4 g6 3. Nc3 d5 4. Qa4+ c6 5. cxd5 Nxd5 6. Qd4 Nf6 7. Qxd8+ Kxd8
8. e4 Bg7 9. d4 h6 10. Bc4 e6 11. O-O Ke7 12. b3 Kf8 13. e5 Ne8 14. b4 Nd7 15.
Ba3 Kg8 16. b5 cxb5 17. Bxb5 Kh7 18. Rfc1 a6 19. Bd3 b5 20. h4 Bf8 21. Bxf8 Nxf8
22. Be4 Rb8 23. Bc6 Bb7 24. Ne4 Nd7 25. Nfd2 Bxc6 26. Rxc6 Nb6 27. Nb3 Nd5 28.
Rxa6 Nec7 29. Rd6 Rhd8 30. Rc1 Ne8 31. Rxd8 Rxd8 32. Rc5 b4 33. Ra5 Kg7 34. Kf1
Rc8 35. Nbc5 Rd8 36. Ra7 Nec7 37. Ke1 Kg8 38. Nd6 Ra8 39. Rxa8+ Nxa8 40. Kd2
Nab6 41. Kc2 Nc3 42. Kb3 Nbd5 43. Nce4 Ne2 44. Nf6+ Nxf6 45. exf6 Nc1+ 46. Kxb4
Nxa2+ 47. Kc4 Nc1 48. g3 Ne2 49. Kd3 Nc1+ 50. Kc2 Na2 51. Kb3 Nc1+ 52. Kc4 Ne2
53. Ne4 Ng1 54. Nd2 Nh3 55. Ne4 Ng1 56. Kd3 Nf3 57. Ke3 Ne1 58. Kd2 Nf3+ 59. Ke3
Ne1 60. Nc5 Nc2+ 61. Ke4 Nb4 62. g4 Nd5 63. Ke5 Nc7 64. Nd3 Nb5 65. h5 gxh5 66.
gxh5 Kf8 67. f3 Na7 68. Nf2 Nc6+ 69. Ke4 Kg8 70. Ng4 Kh7 71. f4 Nb4 72. f5 Nc6
73. fxe6 fxe6 74. f7 Kg7 75. Nxh6 Kf8 76. Ng4 Ne7 77. Ne5 Nf5 78. Kf4 Nxd4 79.
h6 Ne2+ 80. Kg5 Ng3 81. h7 1-0

[Event "World Youth Open U18 2016"]
[Site "Khanty-Mansiysk RUS"]
[Date "2016.09.22"]
[Round "1.12"]
[White "Akhvlediani, Irakli"]
[Black "Christiansen, Johan-Sebastian"]
[Result "0-1"]
[BlackTitle "IM"]
[WhiteElo "2205"]
[BlackElo "2413"]
[WhiteFideId "13601938"]
[BlackFideId "1512668"]
[EventDate "2016.09.22"]

1. d4 e6 2. c4 Bb4+ 3. Bd2 a5 4. Nf3 Nf6 5. Qc2 O-O 6. Nc3 d5 7. a3 Bxc3 8. bxc3
b6 9. Bg5 Ba6 10. Ne5 c5 11. e3 h6 12. Bxf6 Qxf6 13. cxd5 Bxf1 14. Kxf1 exd5 15.
Qb3 Qe6 16. Rb1 Na6 17. Qb5 Rfc8 18. g3 f6 19. Qd7 Qxd7 20. Nxd7 Rc7 21. Nxb6
Rb8 22. dxc5 Nxc5 23. Rb5 Ne4 24. Nxd5 Rxb5 25. Nxc7 Rb2 26. Nd5 Rxf2+ 27. Ke1
Ra2 28. Rf1 Nc5 29. Rf5 Nd3+ 30. Kd1 Rxh2 31. Nb6 Ne5 32. Rf4 Rg2 33. Nc4 Nd3
34. Rf3 a4 35. Nb6 Ne5 36. Rf4 Rxg3 37. Ke2 h5 38. c4 Ng4 39. Nc8 Rg2+ 40. Kf3
Ra2 41. c5 Rxa3 42. Ke4 Rxe3+ 0-1

[Event "World Youth Open U18 2016"]
[Site "Khanty-Mansiysk RUS"]
[Date "2016.09.22"]
[Round "1.13"]
[White "Song, Michael"]
[Black "Holtman, Teodor"]
[Result "1-0"]
[WhiteTitle "FM"]
[WhiteElo "2413"]
[BlackElo "2201"]
[WhiteFideId "2613190"]
[BlackFideId "14933721"]
[EventDate "2016.09.22"]

1. d4 d5 2. c4 c6 3. Nf3 Nf6 4. Qc2 dxc4 5. Qxc4 Bf5 6. Nc3 e6 7. Bg5 Be7 8. e3
Nbd7 9. Be2 O-O 10. O-O h6 11. Bh4 Re8 12. Rac1 Rc8 13. Rfd1 Qa5 14. Qa4 Bb4 15.
Qb3 b6 16. Nd2 b5 17. a3 Bf8 18. e4 Bh7 19. e5 Nd5 20. Nxd5 exd5 21. Bg4 Qc7 22.
Qh3 Nb6 23. Bxc8 Qxc8 24. Qxc8 Rxc8 25. Re1 Bf5 26. f3 h5 27. h3 Nc4 28. Nxc4
bxc4 29. g4 hxg4 30. hxg4 Bd7 31. Re2 Rb8 32. Rc3 a5 33. Be1 Be7 34. Kg2 a4 35.
Kg3 g5 36. f4 f6 37. f5 fxe5 38. dxe5 c5 39. f6 Bf8 40. e6 Bd6+ 41. Kf2 Bb5 42.
Rf3 d4 43. f7+ Kf8 44. Bd2 Be7 45. Re5 Bc6 46. Bxg5 Rxb2+ 47. Kg3 Bxf3 48. Bh6# 1-0

[Event "World Youth Open U18 2016"]
[Site "Khanty-Mansiysk RUS"]
[Date "2016.09.22"]
[Round "1.14"]
[White "Georgiev, Todor"]
[Black "Mousavi, Seyed Khalil"]
[Result "0-1"]
[BlackTitle "IM"]
[WhiteElo "2197"]
[BlackElo "2412"]
[WhiteFideId "2916088"]
[BlackFideId "12511099"]
[EventDate "2016.09.22"]

1. d4 d5 2. c4 e6 3. Nc3 Be7 4. cxd5 exd5 5. Bf4 Nf6 6. e3 O-O 7. Bd3 b6 8. h3
c5 9. Nf3 c4 10. Bb1 a6 11. g4 Bb7 12. Ne5 b5 13. a4 b4 14. g5 Ne8 15. Ne2 Nc6
16. Qc2 g6 17. h4 b3 18. Qd1 Nxe5 19. Bxe5 Bd6 20. f4 f6 21. gxf6 Nxf6 22. Ng3
Bb4+ 23. Kf1 Nd7 24. Kg2 Nxe5 25. fxe5 Bc8 26. h5 Qg5 27. Qc1 Bg4 0-1

[Event "World Youth Open U18 2016"]
[Site "Khanty-Mansiysk RUS"]
[Date "2016.09.22"]
[Round "1.15"]
[White "Saiyn, Zhanat"]
[Black "Petrovskis, Olegs"]
[Result "1-0"]
[WhiteTitle "IM"]
[WhiteElo "2405"]
[BlackElo "2159"]
[WhiteFideId "13703820"]
[BlackFideId "11603186"]
[EventDate "2016.09.22"]

1. d4 d5 2. c4 c6 3. Nf3 Nf6 4. e3 Bf5 5. Nc3 e6 6. Nh4 Be4 7. f3 Bg6 8. Qb3 Qb6
9. Nxg6 hxg6 10. g3 Nbd7 11. Bg2 dxc4 12. Qxc4 e5 13. O-O Bd6 14. dxe5 Nxe5 15.
Qe2 O-O 16. f4 Ned7 17. Kh1 Rfe8 18. e4 Bb4 19. e5 Bxc3 20. bxc3 Nd5 21. c4 Qa6
22. Rf3 N5f6 23. Bf1 Qa5 24. Rb1 Rab8 25. Rfb3 Nc5 26. Ra3 Na4 27. Qc2 Red8 28.
Be3 1-0

[Event "World Youth Open U18 2016"]
[Site "Khanty-Mansiysk RUS"]
[Date "2016.09.22"]
[Round "1.16"]
[White "Gong, Patrick"]
[Black "Ding, Tze How Dilwen"]
[Result "1-0"]
[BlackTitle "FM"]
[WhiteElo "2143"]
[BlackElo "2397"]
[WhiteFideId "3222500"]
[BlackFideId "5707641"]
[EventDate "2016.09.22"]

1. e4 c5 2. c3 e6 3. d4 d5 4. exd5 exd5 5. Bb5+ Nc6 6. Nf3 a6 7. Bxc6+ bxc6 8.
O-O Bd6 9. dxc5 Bxc5 10. b4 Bd6 11. Qd4 f6 12. Bf4 Ne7 13. Re1 O-O 14. Bxd6 Qxd6
15. Qc5 Qxc5 16. bxc5 Ng6 17. Nd4 Bd7 18. Nd2 Ne5 19. Re3 Rfe8 20. f4 Ng6 21.
Rxe8+ Rxe8 22. g3 Rb8 23. Rb1 Rxb1+ 24. Nxb1 Ne7 25. Nd2 a5 26. a4 Nf5 27. N2b3
Ne3 28. Nxa5 Nd1 29. Naxc6 Nxc3 30. a5 Kf7 31. a6 Bxc6 32. Nxc6 Nb5 33. a7 Nc7
34. Nb4 Ke6 35. Kf2 g5 36. Ke3 h5 37. h4 gxh4 38. gxh4 Kf5 39. Kd2 Ke6 40. Kd3
f5 41. Na6 1-0

[Event "World Youth Open U18 2016"]
[Site "Khanty-Mansiysk RUS"]
[Date "2016.09.22"]
[Round "1.17"]
[White "Plenca, Jadranko"]
[Black "Kenenbaev, Aidar"]
[Result "1-0"]
[WhiteTitle "FM"]
[WhiteElo "2396"]
[BlackElo "2143"]
[WhiteFideId "14527146"]
[BlackFideId "13801180"]
[EventDate "2016.09.22"]

1. e4 c5 2. Nf3 d6 3. Bb5+ Nd7 4. c3 a6 5. Ba4 b5 6. Bc2 Ngf6 7. Qe2 Bb7 8. d4
e5 9. O-O Be7 10. Rd1 Qb6 11. d5 O-O 12. a4 g6 13. Na3 Rfb8 14. Be3 Bc8 15. h3
Qb7 16. Nd2 Nh5 17. b3 Nf8 18. Rab1 Bf6 19. Rf1 Bd7 20. Nf3 Qc7 21. g3 Qd8 22.
h4 Qc8 23. Nh2 Bg7 24. Rfc1 Nf6 25. Bg5 Ng4 26. Bd1 Nxh2 27. Kxh2 h5 28. Kg2 Nh7
29. Be3 Bf6 30. b4 c4 1-0

[Event "World Youth Open U18 2016"]
[Site "Khanty-Mansiysk RUS"]
[Date "2016.09.22"]
[Round "1.18"]
[White "Vergara Jofre, Felipe"]
[Black "Khodashenas, Mersad"]
[Result "1-0"]
[WhiteElo "2115"]
[BlackElo "2394"]
[WhiteFideId "3416291"]
[BlackFideId "12514195"]
[EventDate "2016.09.22"]

1. e4 e5 2. Nf3 Nf6 3. Nxe5 d6 4. Nf3 Nxe4 5. c4 g6 6. d4 Bg7 7. Bd3 Nf6 8. O-O
O-O 9. Nc3 Nbd7 10. h3 b6 11. Bf4 Bb7 12. d5 Nh5 13. Bg5 Qc8 14. Qd2 Re8 15.
Rfe1 Ne5 16. Be2 Nf6 17. Nd4 Ba6 18. b3 Ned7 19. Bd3 Bb7 20. Bc2 a6 21. a4 Re5
22. f4 Rxe1+ 23. Rxe1 Qf8 24. Bh4 Re8 25. Bf2 Nc5 26. g4 Rxe1+ 27. Qxe1 Qe8 28.
Qxe8+ Nxe8 29. Be3 Bc8 30. Kf2 Kf8 31. Nf3 Nf6 32. Ne2 1-0

[Event "World Youth Open U18 2016"]
[Site "Khanty-Mansiysk RUS"]
[Date "2016.09.22"]
[Round "1.19"]
[White "Marek, Matyas"]
[Black "Sukovic, Andrej"]
[Result "0-1"]
[WhiteTitle "FM"]
[WhiteElo "2381"]
[BlackElo "2114"]
[WhiteFideId "335398"]
[BlackFideId "16502310"]
[EventDate "2016.09.22"]

1. e4 c5 2. Nf3 d6 3. d4 cxd4 4. Nxd4 Nf6 5. Nc3 a6 6. Bg5 Nbd7 7. Qe2 h6 8. Bh4
e5 9. Nf5 g6 10. Ne3 Bg7 11. O-O-O b5 12. Bg3 Bb7 13. f3 Rc8 14. Ncd5 Nxd5 15.
Nxd5 Bxd5 16. exd5 Kf8 17. Kb1 Bf6 18. Bf2 Nc5 19. h4 Na4 20. Qe4 Bg7 21. g4 Qa5
22. Bd3 b4 23. Rhf1 h5 24. g5 Rb8 25. Ka1 Kg8 26. Qc4 b3 27. Be1 Nc3 28. a4 Rb4
29. Qxb4 Qxb4 30. Bxc3 Qxa4+ 31. Kb1 Qa2+ 32. Kc1 e4 33. Bxe4 Bxc3 34. bxc3 Kg7
35. Rf2 Rc8 36. Re1 b2+ 0-1

[Event "World Youth Open U18 2016"]
[Site "Khanty-Mansiysk RUS"]
[Date "2016.09.22"]
[Round "1.20"]
[White "Yang, Ching Wei Austin"]
[Black "Wu, Christopher"]
[Result "1-0"]
[WhiteTitle "FM"]
[BlackTitle "FM"]
[WhiteElo "1997"]
[BlackElo "2377"]
[WhiteFideId "16300440"]
[BlackFideId "2040875"]
[EventDate "2016.09.22"]

1. e4 c5 2. Nf3 d6 3. d4 cxd4 4. Nxd4 Nf6 5. Nc3 a6 6. Bg5 Nbd7 7. Bc4 h6 8. Bh4
g6 9. Qd2 Bg7 10. O-O-O O-O 11. f4 Qc7 12. Bb3 Nb6 13. h3 Nh5 14. g4 Nxf4 15.
Qxf4 g5 16. Qf2 gxh4 17. Qxh4 e6 18. Rhg1 Qc5 19. Nf5 exf5 20. gxf5 Kh7 21. Qg4
Bf6 22. Kb1 Qc7 23. Qh5 Qe7 24. Rg6 Bg7 25. Rxg7+ Kxg7 26. Rg1+ Kf6 27. Qh4+ 1-0

[Event "World Youth Open U18 2016"]
[Site "Khanty-Mansiysk RUS"]
[Date "2016.09.22"]
[Round "1.21"]
[White "Zakaryan, David"]
[Black "Kolver, Chris"]
[Result "1/2-1/2"]
[WhiteTitle "FM"]
[BlackTitle "CM"]
[WhiteElo "2377"]
[BlackElo "1991"]
[WhiteFideId "24101923"]
[BlackFideId "14307820"]
[EventDate "2016.09.22"]

1. d4 d5 2. Nf3 Nf6 3. Bf4 c5 4. e3 Qb6 5. Qc1 Nc6 6. c3 Bf5 7. Nbd2 e6 8. Nh4
Bg4 9. h3 Bh5 10. Bd3 Rc8 11. O-O Be7 12. Nhf3 Bg6 13. Bxg6 hxg6 14. Qb1 O-O 15.
Re1 Rfd8 16. g4 a5 17. a4 Qa6 18. Kg2 b5 19. Qd3 c4 20. axb5 Qxb5 21. Qc2 Bd6
22. Bxd6 Rxd6 23. Reb1 Rdd8 24. b3 cxb3 25. Nxb3 Nb4 26. Qc1 Nd3 27. Qf1 Rxc3
28. Nc5 Qc4 29. Nd2 Nf4+ 30. exf4 Qxd4 31. Nb7 Rdc8 32. Qd1 Rd3 33. Ra4 Rc4 34.
Nd6 Rxd2 35. Rb8+ Kh7 36. Qxd2 Qxd2 37. Nxf7 Ng8 38. Ng5+ Kh8 39. Nf7+ Kh7 40.
Ng5+ Kh8 41. Rxc4 dxc4 42. Nf7+ 1/2-1/2

[Event "World Youth Open U18 2016"]
[Site "Khanty-Mansiysk RUS"]
[Date "2016.09.22"]
[Round "1.22"]
[White "Oner, Oguz"]
[Black "Urazayev, Arystanbek"]
[Result "1/2-1/2"]
[BlackTitle "CM"]
[WhiteElo "1962"]
[BlackElo "2377"]
[WhiteFideId "6329330"]
[BlackFideId "13709810"]
[EventDate "2016.09.22"]

1. d4 Nf6 2. c4 e6 3. Nf3 b6 4. g3 Ba6 5. Qc2 Bb7 6. Bg2 c5 7. d5 exd5 8. cxd5
Nxd5 9. O-O Be7 10. Ne5 O-O 11. Qb3 Na6 12. Bxd5 Bxd5 13. Qxd5 Nb4 14. Qd2 d6
15. Nf3 d5 16. Rd1 d4 17. Na3 Qd5 18. Nc2 Nxa2 19. Ne3 Qe6 20. Ng2 Nb4 21. Nf4
Qe4 22. Nd3 Nc6 23. Qc2 c4 24. Nb4 d3 25. Nxd3 cxd3 26. Qxd3 Qxd3 27. Rxd3 Rfd8
28. Rxd8+ Rxd8 29. Be3 Bf6 30. Rc1 Rd6 31. Bf4 Re6 32. b4 a6 33. Be3 b5 34. Kf1
h6 35. Bc5 g5 36. e3 Kg7 37. Ke2 g4 38. Nd2 Kg6 39. Rc2 h5 40. Nb3 Re4 41. Nd2
Re6 42. Nb3 Bg7 43. Nc1 Be5 44. Ra2 Bc7 45. Nb3 Kh7 46. Rd2 Ne5 47. Ra2 Nc4 48.
Nd2 Ne5 49. Nb3 Nf3 50. Nd4 Nxd4+ 51. Bxd4 Rc6 52. Kd3 Bd6 53. Bc5 Bxc5 54. bxc5
Rxc5 55. Rxa6 Rc1 56. Rf6 Kg7 57. Rf5 Kg6 58. Rxb5 Rh1 59. Rb6+ Kg7 60. e4 Rxh2
61. Ke3 Rh1 62. Rb5 Kg6 63. Rb6+ Kg7 64. Rb5 Kg6 65. Rb6+ Kg7 1/2-1/2

[Event "World Youth Open U18 2016"]
[Site "Khanty-Mansiysk RUS"]
[Date "2016.09.22"]
[Round "1.23"]
[White "Thybo, Jesper Sondergaard"]
[Black "Ramacker, Quinten"]
[Result "1/2-1/2"]
[WhiteTitle "FM"]
[WhiteElo "2358"]
[BlackElo "1947"]
[WhiteFideId "1438832"]
[BlackFideId "210404"]
[EventDate "2016.09.22"]

1. e4 c5 2. Nf3 e6 3. Nc3 a6 4. d4 cxd4 5. Nxd4 Nc6 6. Be3 Qc7 7. Be2 Nf6 8. O-O
Bb4 9. Na4 Be7 10. Nxc6 bxc6 11. Nb6 Rb8 12. Nxc8 Rxc8 13. Bxa6 Rb8 14. b3 Nxe4
15. Qg4 d5 16. Qxg7 Bf6 17. Qh6 Bxa1 18. Rxa1 Qe5 19. Rd1 Qf6 20. Qh5 Rg8 21. g3
Ng5 22. f4 Ne4 23. Bd3 Qf5 24. Qf3 Rd8 25. Bb6 Rb8 26. Bf2 Ng5 27. Qe2 Nh3+ 28.
Kf1 Qf6 29. Bc5 Ra8 30. Bxh7 Nxf4 31. Qf2 Rg4 32. h3 Qh6 33. hxg4 Qh1+ 1/2-1/2

[Event "World Youth Open U18 2016"]
[Site "Khanty-Mansiysk RUS"]
[Date "2016.09.22"]
[Round "1.24"]
[White "Helander, Benjamin"]
[Black "Huber, Martin Christian"]
[Result "0-1"]
[BlackTitle "FM"]
[WhiteElo "1892"]
[BlackElo "2356"]
[WhiteFideId "514101"]
[BlackFideId "1623435"]
[EventDate "2016.09.22"]

1. e4 e5 2. Nf3 Nc6 3. Bb5 a6 4. Bxc6 dxc6 5. O-O Bg4 6. h3 h5 7. d3 Qf6 8. Be3
Bd6 9. Nbd2 Ne7 10. a4 c5 11. Nb3 b6 12. a5 Nc6 13. c3 Be6 14. axb6 cxb6 15. Ng5
Bd7 16. Qe2 Qg6 17. Kh1 O-O 18. Rad1 Be7 19. Nf3 Be6 20. Nfd2 Rfd8 21. f3 a5 22.
Nc4 a4 23. Nbd2 b5 24. Na3 Rab8 25. Rb1 Bd7 26. b3 b4 27. cxb4 cxb4 28. Nac4 a3
29. Nb6 Nd4 30. Bxd4 exd4 31. Ndc4 0-1

[Event "World Youth Open U18 2016"]
[Site "Khanty-Mansiysk RUS"]
[Date "2016.09.22"]
[Round "1.25"]
[White "Erenberg, Ariel"]
[Black "Weerasinghe, C C"]
[Result "1-0"]
[WhiteTitle "FM"]
[WhiteElo "2350"]
[BlackElo "1884"]
[WhiteFideId "2811634"]
[BlackFideId "9921087"]
[EventDate "2016.09.22"]

1. d4 Nf6 2. c4 g6 3. Nc3 d5 4. Bf4 Bg7 5. e3 O-O 6. Rc1 c5 7. dxc5 Qa5 8. Nf3
dxc4 9. Bxc4 Qxc5 10. Bb3 Nc6 11. O-O Qh5 12. h3 Rd8 13. Qe2 Na5 14. Rfd1 Bd7
15. Bc2 Be6 16. e4 Nc6 17. Qe3 Nb4 18. Bb1 Qa5 19. Ng5 Bc4 20. b3 Ba6 21. Rxd8+
Rxd8 22. Qxa7 1-0

[Event "World Youth Open U18 2016"]
[Site "Khanty-Mansiysk RUS"]
[Date "2016.09.22"]
[Round "1.26"]
[White "Nguyen, Hoang Duc"]
[Black "Rajdeep, Sarkar"]
[Result "0-1"]
[BlackTitle "FM"]
[WhiteElo "1874"]
[BlackElo "2347"]
[WhiteFideId "12403865"]
[BlackFideId "25007963"]
[EventDate "2016.09.22"]

1. d4 d5 2. c4 e6 3. Nc3 c6 4. Qc2 dxc4 5. Nf3 b5 6. g3 Nd7 7. Bg2 Bb7 8. O-O
Ngf6 9. a4 a6 10. e4 Be7 11. Bg5 h6 12. Bf4 Rc8 13. Rfd1 Qb6 14. h3 O-O 15. Be3
Rfe8 16. g4 c5 17. d5 b4 18. a5 Qd6 19. g5 bxc3 20. gxf6 Bxf6 21. bxc3 exd5 22.
exd5 Ba8 23. Ra4 Bd8 24. Qf5 Bc7 25. Rxc4 g6 26. Qc2 Nf6 27. Rxc5 Rxe3 28. Rxc7
Qxc7 29. fxe3 Nxd5 30. Qd2 Nxc3 31. Rf1 Qxa5 32. Nd4 Qg5 0-1